000 00340nam a22001217a 4500
082 _a624.15136
_bHAV
_cASCE
245 _aSubsurface Exploration and Sampling of Soils for Civil Engineering Purpose
260 _c1965
300 _axi, 521. p :
_b40cm
526 _a0
_b0
_c0
_d624_151360000000000_ASCE
650 _aMCE
_9379
942 _2ddc
_cBK
999 _c546491
_d546491